01719nam a2200337 a 450000100100000000500170001000800410002702000180006802000180008608200110010410000300011524501870014526000530033230000240038549000100040950500530041959000260047270000360049870000430053470000250057771000600060283000170066295201140067995201140079395201140090795201080102195201140112995201080124399900170135104000130136800004794120201002060822.0150602s2016 dr a 000 0 spa d a9789945595888 a9789945599817 axxbxx1 aCastro, Víctoria97548410aInformática interactiva 6 :bSexto grado, Segundo ciclo educación primaria /cVíctoria Castro ; producción editorial María del Jesús de la Rosa ; ilustraciones Henry Cid. aSanto Domingo :bActualidad escolar 2000,c2016. av. :bil. ;c28 cm. aVeraz0 av. 1 :tlibro de textogv. 2tlibro del maestro. aInventariado, 2018/VM1 aPérez, Danildaecoorr.9737781 aJesús de la Rosa, María del9298331 aCid, Henryeil.93462 aActualidad escolar 2000,(República Dominicana)97548500aVeraz974848 0010718PDaGRbGRcHDd2018-10-04iLF1l0ov. 1, e. 3p47941-30r2020-06-25w2020-06-25yLFPDZNo se presta 0010718PDaGRbGRcHDd2018-11-20iLF1l0ov. 2, e. 3p47941-40r2020-06-25w2020-06-25yLFPDZNo se presta 0010718PDaGRbGRcHDd2018-11-20iLF1l0ov. 1, e. 2p47941-60r2020-06-25w2020-06-25yLFPDZNo se presta 0010718PDaPDbPDcHDd2018-10-04iLF1l0ov. 1p47941-10r2020-06-25w2020-06-25yLFPDZNo se presta 0010718PDaPDbPDcHDd2018-10-04iLF1l0ov. 2, e. 2p47941-20r2020-06-25w2020-06-25yLFPDZNo se presta 0010718PDaPDbPDcHDd2018-11-20iLF1l0ov. 2p47941-50r2020-06-25w2020-06-25yLFPDZNo se presta c47429d47429 aDO-SdBNP